Welcome to CU Library Online Public Access Catalogue (OPAC)

America by design : (Record no. 8481)

MARC details
000 -LEADER
fixed length control field 00759cam a2200241 i 4500
001 - CONTROL NUMBER
control field 346357
005 - DATE AND TIME OF LATEST TRANSACTION
control field 20251202143743.0
008 - FIXED-LENGTH DATA ELEMENTS--GENERAL INFORMATION
fixed length control field 761119s1977 nyu b 001 0 eng
020 ## - INTERNATIONAL STANDARD BOOK NUMBER
International Standard Book Number 0394499832
020 ## - INTERNATIONAL STANDARD BOOK NUMBER
International Standard Book Number 9780394499833
050 00 - LIBRARY OF CONGRESS CALL NUMBER
Classification number T14.5
Item number .N6 1977
082 00 - DEWEY DECIMAL CLASSIFICATION NUMBER
Classification number 301.24/3
100 1# - MAIN ENTRY--PERSONAL NAME
Personal name Noble, David F.
245 10 - TITLE STATEMENT
Title America by design :
Remainder of title science, technology, and the rise of corporate capitalism /
Statement of responsibility, etc. by David F. Noble.
250 ## - EDITION STATEMENT
Edition statement 1st ed.
260 ## - PUBLICATION, DISTRIBUTION, ETC.
Place of publication, distribution, etc. New York :
Name of publisher, distributor, etc. Knopf,
Date of publication, distribution, etc. 1977.
300 ## - PHYSICAL DESCRIPTION
Extent xxvi, 384 p. ;
Dimensions 22 cm.
650 #0 - SUBJECT ADDED ENTRY--TOPICAL TERM
Topical term or geographic name entry element Technology
General subdivision Social aspects
Geographic subdivision United States.
650 #0 - SUBJECT ADDED ENTRY--TOPICAL TERM
Topical term or geographic name entry element Production (Economic theory)
650 #0 - SUBJECT ADDED ENTRY--TOPICAL TERM
Topical term or geographic name entry element Capitalism
Geographic subdivision United States.
650 #0 - SUBJECT ADDED ENTRY--TOPICAL TERM
Topical term or geographic name entry element Science and industry
Geographic subdivision United States.
942 ## - ADDED ENTRY ELEMENTS (KOHA)
Source of classification or shelving scheme Library of Congress Classification
Koha item type Books
Edition 1st ed.
Suppress in OPAC No
999 ## -
-- 8481
-- 8481
Holdings
Withdrawn status Lost status Source of classification or shelving scheme Damaged status Not for loan Collection Home library Current library Shelving location Date acquired Total checkouts Full call number Barcode Date last seen Copy number Price effective from Koha item type
    Library of Congress Classification     Non-fiction Science Library (Miotso) Science Library (Miotso) General stacks 12/02/2025   T14.5 .N6 NOB SLM00006512 12/02/2025 1 12/02/2025 Books
© 2023-2024 Copyright: Central University Libraries. All Rights Reserved | Created by: Mahone Tech Office